Pyrenejský horský pes

Bibliographic Details
Main Author: Filipová, Lenka, 1954- (Author)
Format: Article
Language:Slovak
Subjects:

MARC

LEADER 00000nab a2200000 a 4500
001 vtls000890892
003 SK-MaSNL
005 20260304002000.0
008 041206c2004 xo mr|p|||||||000 b|slo
015 |a SNBRB2004/12  |2 snkbucl 
038 |a SNKBUCL 
040 |a SNKBUCL  |b slo  |c SNKBUCL  |e AACR2 
041 0 |a slo 
044 |a xo  |c SK 
080 |a 636.74.082.1  |2 UDC-MRF-SK2 
100 1 |a Filipová, Lenka,  |d 1954-   |4 aut 
245 1 0 |a Pyrenejský horský pes  |c Lenka Filipová 
300 |b Fotogr. 
650 0 7 |a psy  |2 snkbucl  |9 1288 
650 0 7 |a plemená zvierat  |2 snkbucl  |9 4381 
650 0 7 |a pyrenejský horský pes  |2 snkbucl  |9 29532 
773 0 |t Magazín chovateľa  |g Roč. 3, č. 7-8 (2004), s. 38-39  |x 1335-9932 
852 |a SNK  |b KIS3GCP 
999 |c 2539721  |d 2541651